000 00446nam a2200181Ia 4500
001 1675
005 20260306143745.0
008 260306t2010||||xx |||||||||||||| ||spa||
041 _aESP
082 _a153.93
_bO63
100 _aOrdóñez Barrueta, Nicolás
_eAUT
245 0 _aPsicotécnico:
_bcurso completo paso a paso
260 _c2010
300 _a814 páginas :
_c24 cm.
650 _aGEN
654 _aCPS
942 _cLIB
_dJUS
_fJUS
_2ddc
_n
999 _c1675
_d1675